[Event "Bermuda International 2005"]
[Site "Hamilton BER"]
[Date "2005.01.30"]
[Round "1.1"]
[White "Dominguez, Lenier"]
[Black "Volokitin, Andrei"]
[Result "1-0"]
[WhiteElo "2661"]
[BlackElo "2685"]
[PlyCount "91"]
[EventDate "2005.01.30"]
[Source "lmi"]
[SourceDate "2005.02.10"]

1. e4 c5 2. Nf3 e6 3. d4 cxd4 4. Nxd4 Nc6 5. Nc3 a6 6. Be3 Nf6 7. Qd2 Bb4 8. f3
d5 9. a3 Ba5 10. O-O-O O-O 11. Nb3 dxe4 12. Qf2 Bd7 13. Nxe4 Nxe4 14. fxe4 Ne5
15. Qg3 Bc7 16. Bf4 f6 17. Nc5 Rf7 18. Nxe6 Bxe6 19. Rxd8+ Rxd8 20. h4 Rd4 21.
Bd3 Nxd3+ 22. cxd3 Bxf4+ 23. Qxf4 Rxd3 24. Rd1 Rxd1+ 25. Kxd1 h5 26. Kc2 Re7
27. Qd6 Kf7 28. Kc3 Bg4 29. Qd5+ Kg6 30. a4 Rd7 31. Qc5 Be6 32. g3 Bg4 33. Kb4
Rd3 34. Qc2 Rxg3 35. Ka5 Be6 36. b4 Rg4 37. Kb6 Rxh4 38. Kxb7 Rg4 39. b5 axb5
40. a5 Rg3 41. a6 Bc4 42. a7 Bd3 43. Qc6 Rg4 44. a8=Q Bxe4 45. Qae8+ Kf5 46.
Qxh5+ 1-0

[Event "Bermuda International 2005"]
[Site "Hamilton BER"]
[Date "2005.01.31"]
[Round "1.2"]
[White "Macieja, Bartlomiej"]
[Black "Gelfand, Boris"]
[Result "0-1"]
[WhiteElo "2618"]
[BlackElo "2696"]
[PlyCount "110"]
[EventDate "2005.01.30"]
[Source "lmi"]
[SourceDate "2005.02.10"]

1. e4 c5 2. Nc3 d6 3. f4 g6 4. Nf3 Bg7 5. Bb5+ Bd7 6. Bc4 Nc6 7. O-O Na5 8. Be2
Nf6 9. d4 cxd4 10. Nxd4 O-O 11. Kh1 Rc8 12. Bf3 Nc4 13. b3 Qa5 14. Nb1 e5 15.
Ne2 Nb6 16. c3 d5 17. fxe5 Nxe4 18. Bf4 Rfe8 19. Qd4 g5 20. Bxe4 dxe4 21. Bxg5
Qxe5 22. Qxe5 Bxe5 23. Bf6 Bxf6 24. Rxf6 Bg4 25. Nd4 Nd5 26. Rf1 Nxc3 27. Nxc3
Rxc3 28. Rae1 Rd3 29. Nc2 e3 30. Kg1 Rc3 31. Nd4 Re4 32. Nf5 e2 33. Rf2 Rc1 34.
Nh6+ Kg7 35. Rxf7+ Kxh6 36. Rxc1 e1=Q+ 37. Rxe1 Rxe1+ 38. Kf2 Re2+ 39. Kg3 Be6
40. Re7 Bc4 41. Rxb7 Rxg2+ 42. Kf4 Rf2+ 43. Ke3 Rf7 44. Rb8 Bd5 45. Rd8 Bb7 46.
Rd4 Kg5 47. Ra4 Bc8 48. b4 Bg4 49. b5 h5 50. Ra6 Kh4 51. a4 Kh3 52. a5 Kxh2 53.
b6 axb6 54. Rxb6 Kg3 55. a6 Rf3+ 0-1

[Event "Bermuda International 2005"]
[Site "Hamilton BER"]
[Date "2005.01.31"]
[Round "2.2"]
[White "Volokitin, Andrei"]
[Black "Harikrishna, Penteala"]
[Result "1/2-1/2"]
[WhiteElo "2685"]
[BlackElo "2632"]
[PlyCount "75"]
[EventDate "2005.01.30"]
[Source "lmi"]
[SourceDate "2005.02.10"]

1. e4 e5 2. Nf3 Nc6 3. Bb5 a6 4. Ba4 Nf6 5. O-O Be7 6. Re1 d6 7. Bxc6+ bxc6 8.
d4 exd4 9. Nxd4 Bd7 10. Nc3 O-O 11. Qf3 Re8 12. b3 h6 13. e5 dxe5 14. Nxc6 Bxc6
15. Qxc6 Bb4 16. Be3 Qd7 17. Qxd7 Nxd7 18. Bd2 Rad8 19. Ne4 Bxd2 20. Nxd2 Nb6
21. Ne4 Nd5 22. a3 a5 23. Rad1 f5 24. c4 Ne7 25. Nc5 Nc6 26. Kf1 Kf7 27. Na6
Re7 28. Rxd8 Nxd8 29. Rd1 Ne6 30. b4 axb4 31. axb4 c6 32. Rd6 Nd4 33. f4 Ra7
34. fxe5 Rxa6 35. Rxd4 Ke6 36. Rd6+ Kxe5 37. Rg6 Ra4 38. Rxc6 1/2-1/2

[Event "Bermuda International 2005"]
[Site "Hamilton BER"]
[Date "2005.01.31"]
[Round "2.3"]
[White "Dominguez, Lenier"]
[Black "Macieja, Bartlomiej"]
[Result "1/2-1/2"]
[WhiteElo "2661"]
[BlackElo "2618"]
[PlyCount "60"]
[EventDate "2005.01.30"]
[Source "lmi"]
[SourceDate "2005.02.10"]

1. e4 e5 2. Nf3 Nf6 3. d4 Nxe4 4. Bd3 d5 5. Nxe5 Nd7 6. Nxd7 Bxd7 7. O-O Bd6 8.
Qh5 Nf6 9. Re1+ Be7 10. Qe2 Bg4 11. Qe3 Be6 12. Nd2 O-O 13. Nf3 Re8 14. Ne5 Qc8
15. Qf3 Bg4 16. Qf4 Bd6 17. Bd2 Bh5 18. Qh4 Bg6 19. Nxg6 hxg6 20. Bg5 Nh7 21.
Bf4 Bxf4 22. Qxf4 Qd7 23. Re5 Rxe5 24. dxe5 Nf8 25. h4 Ne6 26. Qg4 Nc5 27. Qxd7
Nxd7 28. f4 Nc5 29. Rd1 Kf8 30. c3 Nxd3 1/2-1/2

[Event "Bermuda International 2005"]
[Site "Hamilton BER"]
[Date "2005.02.01"]
[Round "3.2"]
[White "Vescovi, Giovanni P"]
[Black "Dominguez, Lenier"]
[Result "1-0"]
[WhiteElo "2645"]
[BlackElo "2661"]
[PlyCount "109"]
[EventDate "2005.01.30"]
[Source "lmi"]
[SourceDate "2005.02.10"]

1. d4 d5 2. Nf3 Nf6 3. c4 c6 4. cxd5 cxd5 5. Nc3 Nc6 6. Bf4 Bf5 7. e3 e6 8. Qb3
Bb4 9. Bb5 O-O 10. O-O Qe7 11. Bxc6 bxc6 12. Na4 Nh5 13. a3 Ba5 14. Bg3 Nxg3
15. hxg3 Rab8 16. Qd1 f6 17. Rc1 Rfc8 18. b4 Bd8 19. Rc5 Bb6 20. Rc3 g5 21. Qe2
e5 22. dxe5 fxe5 23. Rfc1 Bg4 24. Nxb6 axb6 25. e4 d4 26. Rxc6 Rf8 27. Qa2+ Rf7
28. Rc7 Qe6 29. Qxe6 Bxe6 30. Rxf7 Kxf7 31. Nxg5+ Ke7 32. Nxe6 Kxe6 33. a4 Kd6
34. Ra1 Kc6 35. a5 Kb5 36. axb6 Rxb6 37. Kf1 Kc4 38. Ke2 Rxb4 39. Rc1+ Kb5 40.
f4 Rb3 41. Kf2 h5 42. fxe5 Re3 43. Re1 Ra3 44. Rh1 Re3 45. Rxh5 Rxe4 46. Rh4
Rxe5 47. Rxd4 Re8 48. g4 Kc5 49. Rf4 Kd5 50. Kg3 Rg8 51. Kh4 Ke5 52. g3 Rh8+
53. Kg5 Rb8 54. Kh6 Rb6+ 55. Kh5 1-0

[Event "Bermuda International 2005"]
[Site "Hamilton BER"]
[Date "2005.02.02"]
[Round "4.2"]
[White "Vescovi, Giovanni P"]
[Black "Volokitin, Andrei"]
[Result "1-0"]
[WhiteElo "2645"]
[BlackElo "2685"]
[PlyCount "87"]
[EventDate "2005.01.30"]
[Source "lmi"]
[SourceDate "2005.02.10"]

1. e4 c5 2. Nf3 e6 3. d3 Nc6 4. g3 Nge7 5. c3 g6 6. Bg2 Bg7 7. O-O O-O 8. d4
cxd4 9. cxd4 d5 10. e5 f6 11. Re1 Nf5 12. Nc3 Kh8 13. g4 Nh4 14. Nxh4 fxe5 15.
Nxg6+ hxg6 16. dxe5 Nxe5 17. Be3 Qf6 18. Bc5 Rf7 19. Re3 Qxf2+ 20. Kh1 Kg8 21.
Nxd5 exd5 22. Qxd5 Bd7 23. Rxe5 Qxb2 24. Rf1 Qxg2+ 25. Kxg2 Bc6 26. Qxc6 bxc6
27. Rxf7 Bxe5 28. Re7 Bf4 29. Rxa7 Rxa7 30. Bxa7 Kf7 31. Bb6 Ke6 32. a4 Kd7 33.
a5 Kc8 34. a6 Bd6 35. h3 Kb8 36. Kf3 Kc8 37. Be3 Kb8 38. Bf4 Bxf4 39. Kxf4 Ka7
40. h4 c5 41. h5 gxh5 42. gxh5 c4 43. h6 c3 44. Ke3 1-0

[Event "Bermuda International 2005"]
[Site "Hamilton BER"]
[Date "2005.02.02"]
[Round "4.3"]
[White "Harikrishna, Penteala"]
[Black "Macieja, Bartlomiej"]
[Result "1-0"]
[WhiteElo "2632"]
[BlackElo "2618"]
[PlyCount "73"]
[EventDate "2005.01.30"]
[Source "lmi"]
[SourceDate "2005.02.10"]

1. d4 Nf6 2. c4 e6 3. Nc3 Bb4 4. Qc2 c5 5. dxc5 O-O 6. a3 Bxc5 7. Nf3 b6 8. Bf4
Nc6 9. Rd1 Bb7 10. e4 Ne7 11. h3 Ng6 12. Bh2 Nh5 13. Qd2 f5 14. exf5 Bxf3 15.
gxf3 Nh4 16. Be2 Qf6 17. Qd3 Ng2+ 18. Kd2 Nhf4 19. Bxf4 Nxf4 20. Qe4 Qh6 21.
Kc2 Rae8 22. Kb1 exf5 23. Qc2 Bxf2 24. Bd3 Nxd3 25. Rxd3 Re1+ 26. Rxe1 Bxe1 27.
Rxd7 Qxh3 28. Qd1 Qh4 29. Qd5+ Kh8 30. Nb5 h5 31. Nd6 Qf4 32. Qe6 Bh4 33. Qg6
Bf6 34. Qxh5+ Kg8 35. Nxf5 Rc8 36. Qg6 Qe5 37. Nh6+ 1-0

[Event "Bermuda International 2005"]
[Site "Hamilton BER"]
[Date "2005.02.03"]
[Round "5.1"]
[White "Macieja, Bartlomiej"]
[Black "Vescovi, Giovanni P"]
[Result "1-0"]
[WhiteElo "2618"]
[BlackElo "2645"]
[PlyCount "101"]
[EventDate "2005.01.30"]
[Source "lmi"]
[SourceDate "2005.02.10"]

1. Nf3 Nf6 2. c4 e6 3. g3 d5 4. Bg2 Be7 5. O-O O-O 6. b3 c5 7. Bb2 Nc6 8. e3 d4
9. exd4 cxd4 10. Re1 Ne8 11. d3 Nc7 12. Na3 f6 13. Nc2 e5 14. Nh4 g5 15. Nf3
Be6 16. Nfxd4 exd4 17. Rxe6 Nxe6 18. Bd5 Kh8 19. Bxe6 Bc5 20. Bf5 Qc7 21. a3 a5
22. Rb1 Rad8 23. Ba1 Bd6 24. b4 axb4 25. axb4 Be5 26. b5 Ne7 27. b6 Qd6 28. Be4
Rd7 29. Rb5 f5 30. Bxb7 f4 31. Bg2 fxg3 32. fxg3 Nf5 33. b7 Re7 34. Qf3 Qh6 35.
Qxf5 Rxf5 36. Rxe5 Rxb7 37. Rxf5 Rb1+ 38. Rf1 Rxf1+ 39. Bxf1 Kg8 40. Bxd4 Qh5
41. Ne3 Qg6 42. Nd5 Kf7 43. Nf6 Qf5 44. Ne4 Kg6 45. Be3 h6 46. c5 Qf7 47. Bf2
Qb7 48. Nd6 Qf3 49. Nc4 Kf6 50. d4 Ke7 51. Ne3 1-0

[Event "Bermuda International 2005"]
[Site "Hamilton BER"]
[Date "2005.02.05"]
[Round "6.1"]
[White "Gelfand, Boris"]
[Black "Macieja, Bartlomiej"]
[Result "1/2-1/2"]
[WhiteElo "2696"]
[BlackElo "2618"]
[PlyCount "32"]
[EventDate "2005.01.30"]
[Source "lmi"]
[SourceDate "2005.02.10"]

1. d4 Nf6 2. c4 e6 3. Nf3 Bb4+ 4. Nbd2 a5 5. a3 Bxd2+ 6. Bxd2 a4 7. Bg5 h6 8.
Bxf6 Qxf6 9. e3 d6 10. Bd3 O-O 11. Nd2 e5 12. Ne4 Qg6 13. O-O Bf5 14. f3 exd4
15. exd4 c5 16. dxc5 dxc5 1/2-1/2

[Event "Bermuda International 2005"]
[Site "Hamilton BER"]
[Date "2005.02.07"]
[Round "8.1"]
[White "Gelfand, Boris"]
[Black "Harikrishna, Penteala"]
[Result "1-0"]
[WhiteElo "2696"]
[BlackElo "2632"]
[PlyCount "75"]
[EventDate "2005.01.30"]
[Source "lmi"]
[SourceDate "2005.02.10"]

1. d4 Nf6 2. Nf3 e6 3. c4 d5 4. g3 Be7 5. Bg2 O-O 6. O-O dxc4 7. Qc2 a6 8. Qxc4
b5 9. Qc2 Bb7 10. Bd2 Ra7 11. Rc1 Be4 12. Qb3 Nbd7 13. Ba5 Qb8 14. Qe3 b4 15.
Nbd2 Ba8 16. Nb3 Rc8 17. Rc2 Be4 18. Ne5 Bxg2 19. Nxd7 Nxd7 20. Kxg2 Qb5 21.
Rac1 c6 22. Qf3 Nb8 23. Rc4 Rd7 24. e3 h6 25. Qe2 Re8 26. Qe1 Qa4 27. Bxb4 Qxa2
28. Qc3 Bxb4 29. Rxb4 c5 30. dxc5 a5 31. Nxa5 Qd5+ 32. e4 Qa8 33. c6 Rc7 34.
Rc4 Na6 35. b4 Qb8 36. Nb7 Rxc6 37. Rxc6 Qxb7 38. Rc8 1-0

[Event "Bermuda International 2005"]
[Site "Hamilton BER"]
[Date "2005.02.08"]
[Round "9.1"]
[White "Vescovi, Giovanni P"]
[Black "Macieja, Bartlomiej"]
[Result "1/2-1/2"]
[WhiteElo "2645"]
[BlackElo "2618"]
[PlyCount "57"]
[EventDate "2005.01.30"]
[Source "lmi"]
[SourceDate "2005.02.10"]

1. e4 c5 2. Nf3 g6 3. c3 Bg7 4. d4 cxd4 5. cxd4 d5 6. Bb5+ Bd7 7. Bxd7+ Nxd7 8.
e5 e6 9. O-O Ne7 10. Bf4 Nc6 11. Qd2 O-O 12. Nc3 Qb6 13. Rac1 Rac8 14. h4 f6
15. exf6 Rxf6 16. Ne2 Rcf8 17. b3 Rf5 18. Qe3 e5 19. dxe5 Ndxe5 20. Nxe5 Bxe5
21. Qxb6 axb6 22. Bxe5 Rxe5 23. Rc2 d4 24. Rd2 Rd8 25. Rfd1 Red5 26. Nf4 R5d6
27. Re1 Kf7 28. Nd3 Re8 29. Red1 1/2-1/2

[Event "Bermuda International 2005"]
[Site "Hamilton BER"]
[Date "2005.02.09"]
[Round "10.2"]
[White "Volokitin, Andrei"]
[Black "Vescovi, Giovanni P"]
[Result "1-0"]
[WhiteElo "2685"]
[BlackElo "2645"]
[PlyCount "49"]
[EventDate "2005.01.30"]
[Source "lmi"]
[SourceDate "2005.02.10"]

1. e4 c5 2. Nf3 e6 3. d4 cxd4 4. Nxd4 a6 5. Be2 Nf6 6. Nc3 d6 7. O-O Be7 8. f4
O-O 9. a4 Qc7 10. Kh1 b6 11. e5 dxe5 12. fxe5 Nfd7 13. Bf4 Bb7 14. Bd3 Nc5 15.
Qg4 Rd8 16. Bg3 Bf8 17. Nf3 h6 18. Bf4 Kh8 19. Qh5 Nc6 20. Bxh6 gxh6 21. Ng5
Nxe5 22. Nxf7+ Nxf7 23. Rxf7 Rd7 24. Raf1 Nxd3 25. Rxf8+ 1-0